[Event "Let's Play Chess!"]
[Site "http://www.queenalice.com/game.php?id=1456856"]
[Date "2016.12.28"]
[Round "-"]
[White "Iguapense"]
[Black "fabricioprado"]
[Result "1-0"]
[WhiteElo "1500"]
[BlackElo "1775"]

1. e4 e5 2. Nf3 Nc6 3. d4 d6 4. Bb5 Bd7 5. d5 Nce7 6. Bxd7+ Qxd7 7. O-O Nf6 8.
Re1 Ng6 9. c4 Be7 10. Nc3 a6 11. h3 O-O 12. Be3 Rac8 13. Rc1 c6 14. b3 h6 15.
dxc6 Rxc6 16. Nh2 Nh7 17. f4 f5 18. fxe5 Nxe5 19. exf5 Rxf5 20. Rf1 Rf6 21. Nd5
Rxf1+ 22. Qxf1 Nf6 23. Nxf6+ Bxf6 24. Bxh6 Rc8 25. Bf4 Rf8 26. Bxe5 Bxe5 27. Nf3
Qe7 28. Qd3 Bg3 29. Rd1 Re8 30. Qd5+ Kf8 31. Qf5+ Qf7 32. Qxf7+ Kxf7 33. Kf1 Rd8
34. Ng5+ Kf6 35. Ne4+ 1-0

[Event "Let's Play Chess!"]
[Site "http://www.queenalice.com/game.php?id=1456858"]
[Date "2016.12.28"]
[Round "-"]
[White "Iguapense"]
[Black "chessplayer123"]
[Result "1-0"]
[WhiteElo "1975"]
[BlackElo "1761"]

1. e4 c6 2. d4 d5 3. exd5 Qxd5 4. Nc3 Qd8 5. Bc4 Nf6 6. Nf3 e6 7. O-O Be7 8. Re1
O-O 9. Qe2 b5 10. Bd3 a5 11. Ne4 Nbd7 12. Nxf6+ Nxf6 13. Bg5 Nd5 14. Bxe7 Nxe7
15. Qe4 f5 16. Qe5 Kh8 17. c4 Ng6 18. Qc5 Bd7 19. Rac1 b4 20. Ne5 Nxe5 21. Qxe5
Rf6 22. c5 Rh6 23. Re3 Qh4 24. Rh3 Qg5 25. f4 Qg6 26. Rxh6 Qxh6 27. Qd6 Rd8 28.
Qe7 Qf6 29. Qxf6 gxf6 30. Kf2 Be8 31. Ke3 h5 32. h4 Bf7 33. Bc4 Rg8 34. Rc2 Rg4
35. Kf3 Rxh4 36. Re2 Rg4 37. Bxe6 Bxe6 38. Rxe6 h4 39. Rxf6 Rg3+ 40. Kf2 Rd3 41.
Ke2 Rxd4 42. Rxf5 Kg7 43. b3 Kg6 44. Rf8 Kh5 45. Rf6 Kg4 46. Rg6+ Kxf4 47. Rxc6
Kg3 48. Rg6+ Kf4 49. c6 Rd8 50. c7 Rc8 51. Rc6 Kg3 52. Kf1 Rf8+ 53. Kg1 Re8 54.
Rg6+ Kf4 55. Rc6 Kg3 56. Kf1 Rc8 57. Rc4 Rf8+ 58. Ke2 Rc8 59. Kf1 Rf8+ 60. Kg1
Re8 61. Rc1 Rc8 62. Kh1 h3 63. gxh3 Kxh3 64. Rc4 Kg3 65. Kg1 Kf3 66. Kf1 Ke3 67.
Kg2 Kd3 68. Kf3 Rf8+ 69. Kg4 1-0

[Event "AUTO-OPEN-3751"]
[Site "http://www.queenalice.com/game.php?id=1458959"]
[Date "2017.1.11"]
[Round "1"]
[White "Canaye"]
[Black "Iguapense"]
[Result "0-1"]
[WhiteElo "1811"]
[BlackElo "2021"]

1. d4 Nf6 2. c4 e6 3. Nc3 b6 4. e4 d5 5. e5 Ne4 6. Nxe4 dxe4 7. Be2 Bb7 8. Nh3
Nd7 9. O-O Be7 10. Re1 O-O 11. Be3 f6 12. Qc2 fxe5 13. Rad1 exd4 14. Rxd4 Bc5
15. Rd2 Bxe3 16. fxe3 Qe7 17. b3 Rad8 18. Nf4 Ne5 19. Rxd8 Rxd8 20. Rd1 Rxd1+
21. Qxd1 Bc8 22. Qd4 Qd6 23. Qxe4 g6 24. h3 a5 25. h4 Bd7 26. h5 Bc6 27. Qc2 Qe7
28. hxg6 hxg6 29. Nxg6 Qg5 30. Nf4 Qg3 31. Qd2 Kf7 32. Qc3 Ng4 33. Bxg4 Qxg4 34.
Qc2 Qh4 35. Qg6+ Kf8 36. Nxe6+ Ke7 37. Nf4 Qe1+ 38. Kh2 Qh4+ 39. Nh3 Be4 40.
Qg7+ Kd6 41. Qg3+ Qxg3+ 42. Kxg3 Bb1 43. a3 Ba2 44. b4 axb4 45. axb4 Bxc4 46.
Nf4 c5 47. bxc5+ Kxc5 48. Kf2 Kb4 49. Ke1 Ka3 50. Kd2 b5 51. Nh5 Bd5 52. g3 b4
53. Nf4 Bc4 54. e4 b3 55. Ng2 b2 56. Ne3 Bb3 57. Kc3 b1=Q 0-1

[Event "AUTO-OPEN-3751"]
[Site "http://www.queenalice.com/game.php?id=1458960"]
[Date "2017.1.11"]
[Round "1"]
[White "Iguapense"]
[Black "Canaye"]
[Result "1-0"]
[WhiteElo "1838"]
[BlackElo "1849"]

1. e4 e6 2. d4 d5 3. Nc3 dxe4 4. Nxe4 Nd7 5. Nf3 Ngf6 6. Bd3 Nxe4 7. Bxe4 Nf6 8.
Bd3 Be7 9. O-O O-O 10. c4 c5 11. dxc5 Bxc5 12. Bg5 h6 13. Bxf6 Qxf6 14. Qe2 Bd7
15. Qe4 g6 16. Qxb7 Rad8 17. b3 e5 18. Be4 Bb6 19. Rad1 Bc8 20. Qc6 Qxc6 21.
Bxc6 f6 22. h3 Kg7 23. Rfe1 Bf5 24. b4 g5 25. c5 Bc7 26. g4 Bg6 27. Rc1 Rd3 28.
Re3 Rxe3 29. fxe3 Rd8 30. Kf2 e4 31. Nd4 h5 32. Ne6+ Kf7 33. Nxd8+ Bxd8 34. Rd1
Be7 35. Rd4 f5 36. gxf5 Bxf5 37. Bd7 Bg6 38. c6 Bd8 39. Rc4 Ke7 40. c7 1-0

[Event "AUTO-OPEN-3751"]
[Site "http://www.queenalice.com/game.php?id=1458979"]
[Date "2017.1.11"]
[Round "1"]
[White "ismaelfln"]
[Black "Iguapense"]
[Result "0-1"]
[WhiteElo "1556"]
[BlackElo "2059"]

1. e4 c6 2. e5 d5 3. d4 Bf5 4. Nf3 e6 5. Bg5 Be7 6. Bxe7 Qxe7 7. Nc3 Nd7 8. Bd3
Bxd3 9. cxd3 Nh6 10. O-O O-O 11. a3 a6 12. b4 f6 13. exf6 Qxf6 14. Na4 Nf5 15.
g4 Nxd4 16. Nxd4 Qxd4 17. h3 b5 18. Nc5 Nxc5 19. bxc5 Qxc5 20. d4 Qd6 21. Kg2
Rf4 22. f3 Raf8 23. a4 e5 24. dxe5 Qxe5 25. axb5 axb5 26. Re1 Qf6 27. Rf1 h5 28.
Kg3 hxg4 29. hxg4 Qd6 30. Kg2 c5 31. Ra5 b4 32. Qe2 c4 33. Qd1 d4 34. Qe2 d3 35.
Qe5 Qxe5 36. Rxe5 Rd8 37. Kg3 Rfd4 38. g5 d2 39. Re4 Rxe4 40. fxe4 d1=Q 41. Rxd1
Rxd1 42. Kf4 c3 43. Kf5 c2 44. e5 c1=Q 45. Ke6 Qc6+ 46. Kf5 Rd4 47. e6 Qe4# 0-1

[Event "AUTO-OPEN-3751"]
[Site "http://www.queenalice.com/game.php?id=1458980"]
[Date "2017.1.11"]
[Round "1"]
[White "Iguapense"]
[Black "ismaelfln"]
[Result "1-0"]
[WhiteElo "2059"]
[BlackElo "1567"]

1. e4 e5 2. Nf3 Nc6 3. d4 exd4 4. Nxd4 Ne5 5. Nc3 Bb4 6. Bd2 Bxc3 7. Bxc3 Nf6 8.
Bd3 O-O 9. O-O c5 10. Nf3 Nxf3+ 11. Qxf3 d6 12. Bxf6 Qxf6 13. Qxf6 gxf6 14. f4
a6 15. c4 Kg7 16. f5 b6 17. Rf4 Rg8 18. Rg4+ Kf8 19. Rxg8+ Kxg8 20. Kf2 Kg7 21.
Ke3 b5 22. b3 bxc4 23. Bxc4 a5 24. Rd1 a4 25. Rxd6 axb3 26. axb3 Ra2 27. Kf3 Ra1
28. Rc6 Bb7 29. Rc7 Ba8 30. Rxf7+ Kh6 31. Rxf6+ Kg7 32. Ra6 Rxa6 33. Bxa6 Kf6
34. Kf4 h5 35. e5+ Ke7 36. g3 Bd5 37. Bc4 Bc6 38. f6+ Kf8 39. e6 Ba8 40. e7+ Ke8
41. Bb5+ Kf7 42. e8=Q+ Kxf6 43. Qxa8 1-0

[Event "AUTO-OPEN-3751"]
[Site "http://www.queenalice.com/game.php?id=1458989"]
[Date "2017.1.11"]
[Round "1"]
[White "NN19"]
[Black "Iguapense"]
[Result "1-0"]
[WhiteElo "1239"]
[BlackElo "2059"]

1. d4 d5 2. c4 c6 3. Nf3 Nf6 4. Nc3 dxc4 5. a4 Bg4 6. e4 e6 7. Bxc4 Bxf3 8. gxf3
Bb4 9. Be3 Nbd7 10. Rg1 g6 11. Bg5 Qa5 12. Be3 Bxc3+ 13. bxc3 Qxc3+ 14. Kf1
Qxc4+ 15. Kg2 b6 16. Rc1 Qa6 17. Rxc6 O-O 18. Bh6 Rfc8 19. Rxc8+ Rxc8 20. Be3
Rc4 21. d5 exd5 22. exd5 Nxd5 23. Qxd5 Qxa4 24. Rd1 Nc5 25. Qd8+ Kg7 26. Bd4+
1-0

[Event "AUTO-OPEN-3751"]
[Site "http://www.queenalice.com/game.php?id=1458990"]
[Date "2017.1.11"]
[Round "1"]
[White "Iguapense"]
[Black "NN19"]
[Result "0-1"]
[WhiteElo "2059"]
[BlackElo "1239"]

1. e4 e5 2. Nf3 Nc6 3. Bb5 a6 4. Bxc6 dxc6 5. O-O Bg4 6. h3 Bxf3 7. Qxf3 Qf6 8.
Qxf6 Nxf6 9. d3 Bc5 10. Nd2 O-O 11. Nc4 Bd6 12. f4 exf4 13. e5 Bc5+ 14. Kh1 Nh5
15. Bxf4 Nxf4 16. Rxf4 Rae8 17. Re1 Bb4 18. c3 Be7 19. d4 b6 20. Rfe4 h6 21. Ne3
Rd8 22. Nf5 Rfe8 23. Nxe7+ Rxe7 24. Kg1 b5 25. Kf2 Rd5 26. Kf3 c5 27. g3 cxd4
0-1

[Event "AUTO-MASTER-2797"]
[Site "http://www.queenalice.com/game.php?id=1553742"]
[Date "2018.12.22"]
[Round "1"]
[White "mascarade"]
[Black "Iguapense"]
[Result "0-1"]
[WhiteElo "1934"]
[BlackElo "2072"]

1. e4 e5 2. f4 d6 3. Nf3 Nc6 4. Bb5 exf4 5. d3 Nf6 6. Bxf4 Bd7 7. Nbd2 Be7 8. d4
O-O 9. d5 Nb8 10. Bxd7 Qxd7 11. Qe2 Qg4 12. Bg3 Nbd7 13. O-O-O Rfe8 14. Rde1 Bf8
15. Bh4 Nxd5 16. h3 Qg6 17. Qf2 Nb4 18. Kb1 d5 19. Ng5 h6 0-1

[Event "AUTO-MASTER-2797"]
[Site "http://www.queenalice.com/game.php?id=1553758"]
[Date "2018.12.22"]
[Round "1"]
[White "JailtonMaster"]
[Black "Iguapense"]
[Result "0-1"]
[WhiteElo "2134"]
[BlackElo "2043"]

1. d4 d5 2. c4 e6 3. Nf3 Nf6 4. e3 c5 5. cxd5 exd5 6. Be2 Nc6 7. O-O cxd4 8.
Nxd4 Bd6 9. Bb5 Qc7 10. Qc2 Bd7 11. Nc3 O-O 12. Nf5 Bxh2+ 13. Kh1 Be5 14. f4
Bxc3 15. bxc3 Nb4 16. Qb1 Bxb5 0-1

[Event "AUTO-MASTER-2797"]
[Site "http://www.queenalice.com/game.php?id=1553759"]
[Date "2018.12.22"]
[Round "1"]
[White "Iguapense"]
[Black "JailtonMaster"]
[Result "1/2-1/2"]
[WhiteElo "2086"]
[BlackElo "2098"]

1. e4 d5 2. exd5 Qxd5 3. Nc3 Qd8 4. d4 Nf6 5. Bc4 e6 6. Nf3 Be7 7. O-O O-O 8.
Qe2 c6 9. a4 Nbd7 10. h3 a6 11. Bf4 Nb6 12. Bb3 Nbd5 13. Nxd5 exd5 14. c3 Bf5
15. Rfe1 Re8 16. Ne5 Ne4 17. f3 Nf6 18. Bc2 Bxc2 19. Qxc2 Rc8 20. b4 b6 21. a5
c5 22. Qd2 cxb4 23. cxb4 Nd7 24. Rac1 Rxc1 25. Rxc1 Nxe5 26. Bxe5 Bd6 27. Bxd6
1/2-1/2